Most Favourited Countries - Statistics

General Stats
  • This quiz has been taken 39 times
  • The average score is 30 of 33
Answer Stats
Picture Answer % Correct
France
97%
USA
97%
Australia
94%
Canada
94%
Egypt
94%
Greece
94%
Japan
94%
Argentina
91%
Brazil
91%
Germany
91%
India
91%
Indonesia
91%
Italy
91%
Malaysia
91%
Mexico
91%
New Zealand
91%
Poland
91%
Portugal
91%
Ukraine
91%
Ireland
88%
Pakistan
88%
South Africa
88%
Turkey
88%
Vietnam
88%
Cyprus
85%
Israel
85%
Nigeria
85%
Philippines
85%
Sweden
85%
Thailand
85%
Colombia
82%
Afghanistan
79%
South Korea
79%
No matching quizzes found
Score Distribution
Percent of People with Each Score
Percentile by Number Answered
Your Score History
You have not taken this quiz